000 00415nam a22001817a 4500
003 OSt
005 20260406165243.0
008 260406b |||||||| |||| 00| 0 eng d
020 _a9789392820458
082 _a8H1.4337
_bKAUP
100 _aKaul, Manav
245 _aPrem kabootar
260 _aNew Delhi
_bHind Yugm
_c2025
300 _a159p
546 _aHindi
650 _aHindi Literature
942 _2ddc
_cBK
999 _c3983
_d3983